000 00414nam a2200157Ia 4500
008 180730s9999||||xx |||||||||||||| ||und||
020 _a9780761993865
082 _a658
_bCHA/H
100 _aChanda, Ashok
245 0 _aHuman Resource Strategy: Architecture for Change
250 _a1st
260 _aNew Delhi
_bResponse Books/Sage Publications
_c2000
300 _a313
700 _aKabra, Shilpa
942 _cBK
999 _c1431
_d1431